000 00363 a2200169 4500
001 73316
020 _a850810491X
040 _cAnchieta - Colégio São Paulo
100 _aBarbosa, Leila
240 1 0 _aLíngua portuguesa
_lpor
245 1 0 _aLíngua portuguesa
300 _a288
362 0 _a2006
440 1 _aÁtica
650 4 _aPortuguês
942 _cBK
999 _c73316
_d73316